000
00279nam a22001337a 4500
008
180912b xxu||||| |||| 00| 0 eng d
020
_a
9780393058055
041
_a
eng
080
_a
591
100
_a
7
101
_a
ZOO
245
_a
Natural Acts
_c
David.Q
942
_2
udc
_c
BK
999
_c
47694
_d
47694